[Event "Mumbai One Wealth op 04"]
[Site "Mumbai"]
[Date "2024.03.15"]
[Round "5"]
[White "Sriharsh, Shibu Nair"]
[Black "Vivek, Ashok Jadhav"]
[Result "0-1"]
[WhiteElo "1455"]
[BlackElo "1559"]
[PlyCount "66"]
[EventDate "2024.03.11"]
[EventType "swiss"]
[EventRounds "7"]
[EventCountry "IND"]
[SourceTitle "EXT 2025"]
[Source "ChessBase"]
[SourceDate "2024.10.14"]
[SourceVersion "1"]
[SourceVersionDate "2024.10.14"]
[SourceQuality "1"]

1. d4 Nf6 2. Bf4 g6 3. Nf3 Bg7 4. e3 b6 5. Nbd2 Bb7 6. c4 0-0 7. Be2 d6 8. 0-0 Nbd7 9. Qc2 c5 10. Rad1 cxd4 11. exd4 Rc8 12. b3 b5 13. Qb1 b4 14. Rfe1 Re8 15. Bd3 Nf8 16. Ne4 Ne6 17. Bg3 Qb6 18. d5 Nc5 19. Nxc5 Qxc5 20. Nd2 a5 21. Ne4 Nxe4 22. Bxe4 Bc3 23. Re2 a4 24. Bf4 axb3 25. axb3 Ra8 26. Be3 Qc7 27. Bd4 Ra1 28. Qd3 Rea8 29. Bxc3 bxc3 30. Ree1 Rxd1 31. Rxd1 Qa5 32. Rc1 Qb4 33. Qxc3 Qxc3 0-1